| 000 | 00339nam a2200121 a 4500 | ||
|---|---|---|---|
| 005 | 20210219152807.0 | ||
| 008 | 991125n eua 000 0 eng u | ||
| 022 | _a0361-6843 | ||
| 035 | _aUPN01000061450 | ||
| 245 | 0 | 0 | _aPSYCHOLOGY OF WOMEN QUARTERLY |
| 260 |
_aEUA : _bCambridge University Press for division Thirty-Five |
||
| 905 | _aRevista | ||
| 999 |
_c61013 _d61013 |
||